Dinge mit R - Statistiken

Allgemein
  • Dieses Quiz wurde 285 mal gespielt
  • Das Durchschnittsergebnis liegt bei 16 aus 24
Antwortstatistiken
Bildquiz Antwort % Korrekt
Rennrad
100%
Riesenrad
97%
Roboter
95%
Regenbogen
94%
Radieschen
93%
Ratte
93%
Rubin
92%
Rucksack
92%
Rentier
84%
Rotkehlchen
81%
Ronaldo
76%
Rhabarber
72%
Rollkragenpulli
71%
Ravioli
63%
Radlader
60%
Ringelnatter
60%
Radon
58%
Ratatouille
55%
Rost
54%
Rumba
47%
Reißwolf
31%
Renaissance
25%
Ranunkel
17%
Riesling
16%
Keine übereinstimmenden Quizze gefunden
Verteilung der Resultate
Anzahl Personen mit jedem Resultat
Perzentil nach korrekt beantworteten Fragen
Ihre Resultats-Entwicklung
Sie haben dieses Quiz noch nicht gespielt